000 00474nam a2200169Ia 4500
003 GCL
008 140319s9999 xx 000 0 ara d
040 _aGCL /
_cGCL
082 0 4 _a621.45
_bز ط
100 1 _aزياد فائز شقللى
245 1 0 _aطاقة الرياح واستخداماتها /
_cزياد فائز شقللى
260 _a[S.N] :
_bدار المعرفة ،
_c1988
300 _a164 ص
490 _a
650 0 4 _aالرياح
942 _2ddc
_cBK
999 _c49945
_d49945